صعوبات التعلم " رؤية تطبيقية" / (رقم التسجيلة. 125480)

تفاصيل مارك
000 -LEADER
fixed length control field 00626nam a22001937a 4500
005 - DATE AND TIME OF LATEST TRANSACTION
control field 20251108175054.0
008 - FIXED-LENGTH DATA ELEMENTS--GENERAL INFORMATION
fixed length control field 250721s2012 xx 000 0 ara d
082 14 - DEWEY DECIMAL CLASSIFICATION NUMBER
Classification number 371.9/جوا
100 1# - MAIN ENTRY--PERSONAL NAME
Personal name القمش، مصطفى نوري
245 10 - TITLE STATEMENT
Title صعوبات التعلم " رؤية تطبيقية" /
264 1# - PRODUCTION, PUBLICATION, DISTRIBUTION, MANUFACTURE, AND COPYRIGHT NOTICE
Place of production, publication, distribution, manufacture عمان :
Name of producer, publisher, distributor, manufacturer دار الثقافة للنشر و التوزيع،
Date of production, publication, distribution, manufacture, or copyright notice 2012.
300 ## - PHYSICAL DESCRIPTION
Extent 390ص.
650 17 - SUBJECT ADDED ENTRY--TOPICAL TERM
Topical term or geographic name as entry element صعوبات التعلم
650 17 - SUBJECT ADDED ENTRY--TOPICAL TERM
Topical term or geographic name as entry element بطء التعلم
650 17 - SUBJECT ADDED ENTRY--TOPICAL TERM
Topical term or geographic name as entry element الاطفال المتخلفون
700 1# - ADDED ENTRY--PERSONAL NAME
Personal name الجوالده، فؤاد عيد
942 ## - ADDED ENTRY ELEMENTS (KOHA)
Source of classification or shelving scheme Dewey Decimal Classification
Koha item type كتب
المقتنيات
حالة السحب حالة الفقدان مصدر التصنيف حالة التلف غير قابل للإعارة المكتبة الرئيسية المكتبة الحالية موقع الرف تاريخ التزويد الرقم المتسلسل Total Checkouts رقم الإستدعاء تاريخ آخر ظهور تاريخ الفاتورة نوع المادة (كوها) الباركود
    Dewey Decimal Classification     المكتبة المركزية المكتبة المركزية مقتنيات قسم التزويد 28/07/2025 1527548   371.9/جوا 28/07/2025 28/07/2025 كتب  
    Dewey Decimal Classification     المكتبة المركزية المكتبة المركزية مقتنيات قسم التزويد 28/07/2025 1527549   371.9/جوا 28/07/2025 28/07/2025 كتب  
    Dewey Decimal Classification     مكتبة أبو علندا العامة مكتبة أبو علندا العامة الإعارة 17/06/2012 1527551   371.9/جوا 28/07/2025 17/06/2012 كتب PLD00252620
    Dewey Decimal Classification     مكتبة أم قصير والمقابلين العامة مكتبة أم قصير والمقابلين العامة الإعارة 17/06/2012 1527552   371.9/جوا 28/07/2025 17/06/2012 كتب PLD00252619
    Dewey Decimal Classification     مكتبة الاميرة بديعة مكتبة الاميرة بديعة الإعارة 17/06/2012 1527553   371.9/جوا 28/07/2025 17/06/2012 كتب PLD00252618
    Dewey Decimal Classification     مكتبة الحسن العامة مكتبة الحسن العامة الإعارة 17/06/2012 1527555   371.9/جوا 28/07/2025 17/06/2012 كتب PLD00252616
    Dewey Decimal Classification     مكتبة النصر العامة مكتبة النصر العامة الإعارة 17/06/2012 1527557   371.9/جوا 28/07/2025 17/06/2012 كتب PLD00252614
    Dewey Decimal Classification     مكتبة حمزة العامة مكتبة حمزة العامة الإعارة 17/06/2012 1527550   371.9/جوا 28/07/2025 17/06/2012 كتب PLD00252621
    Dewey Decimal Classification     مكتبة صويلح العامة مكتبة صويلح العامة الإعارة 17/06/2012 1527556   371.9/جوا 28/07/2025 17/06/2012 كتب PLD00252615
    Dewey Decimal Classification     مكتبة وادي السير العامة مكتبة وادي السير العامة الإعارة 17/06/2012 1527559   371.9/جوا 28/07/2025 17/06/2012 كتب PLD00252612
Implemented & Customized by: BBB with SCIT (Smart Chains for Information Technology)

Powered by Koha